| 000 | 00918nam a2200277Ia 4500 | ||
|---|---|---|---|
| 005 | 20220316235555.0 | ||
| 008 | 121119s2002 sp gr 000 p spa | ||
| 020 | _a8437619424 | ||
| 041 | 1 | _aspa | |
| 100 | 1 |
_aHolderlin, Friedrich _d1770-1843 |
|
| 245 | 1 | 0 |
_aAntología poética _cFriedrich Hölderlin ; traducción de Federico Bermúdez-Cañete |
| 250 | _aPrimera edición | ||
| 300 |
_a256 páginas _c18 cm |
||
| 490 | 0 | _aLetras universales | |
| 650 | 1 | 4 |
_aAutores alemanes _ySiglo XVIII _2LEMB |
| 650 | 1 | 4 |
_aLiteratura alemana _ySiglo XVIII _2LEMB |
| 650 | 1 | 4 |
_aPoesía alemana _ySiglo XVIII _2LEMB |
| 700 | 1 |
_aBermúdez-Cañete, Federico _etraductor _913390 |
|
| 942 |
_2loc _cBK |
||
| 264 |
_aMadrid _bCátedra _c2002 |
||
| 336 |
_atexto _btxt _2rdacontent |
||
| 337 |
_asin mediación _bn _2rdamedia |
||
| 338 |
_avolumen _bnc _2rdacarrier |
||
| 040 |
_aCO-BoRNBP _bspa _erda _cCO-BoRNBP |
||
| 084 | _aP HOL2 | ||
| 999 |
_c1414 _d1414 |
||